=LDR 00000nam 2200000 4500 =001 INLIS000000000019618 =990 ##$$a 20612716 =005 20200225020939 =990 ##$$a 20612719 =035 ##$$a 0010-061300000019618 =990 ##$$a 20612718 =008 200225################g##########0#ind## =990 ##$$a 20612717 =041 ##$$a Ind =082 ##$$a 155.412 =090 ##$$a 371.904, Tir a =100 ##$$a Shapiro, Lawrence E =245 1#$$a Mengajarkan emotional intelligence pada anak /$c Lawrence F. Shapiro, Ph.D ; Alih bahasa, Alex Tri Kantjono =260 ##$$a Jakarta :$b Gramedia Pustaka Utama,$c 2003 =300 ##$$a xviii, 351 hlm, : $b Ilus. ; $c 14 x 22 cm =650 #4$$a Emosi Pada Anak =850 ##$$a NBPNMAT =020 ##$$a 979-605-791-3 =084 ##$$a 155.412 SHA m =250 ##$$a Cet.6 =700 #$$a Alex Tri Kantjono =990 ##$$a 20612719 =990 ##$$a 20612718 =990 ##$$a 20612717 =990 ##$$a 20612716